keeper of the lost cities characters - Statistics

General Stats
  • This quiz has been taken 209 times
  • The average score is 11 of 14
Answer Stats
Hint Answer % Correct
The main character Sophie Elizabeth Foster
99%
The son of "mommy dearest" Keefe Sencen
98%
Museum guy Fitzroy Avery Vacker
97%
Museum guy's dad Alden Dedrick Vacker
93%
Museum guy's mom Della Adara Vacker
92%
The guy who eats all the ruckleberries Mr. Forkle
91%
Mommy dearest Gisela Minette Sencen
89%
"I have my own land?" Dexter Alvin Dizznee
88%
A light accident killed my mom Wylie Zoran Endal
84%
Lord Fancyclothes Cassius Sencen
78%
The principal of foxfire Magnate Leto Kerlof
77%
The former principal of foxfire Dame Alina
61%
The universe teacher Sir Astin
51%
Theres lots of little bones in the hand Umber
43%
No matching quizzes found
Score Distribution
Percent of People with Each Score
Percentile by Number Answered
Your Score History
You have not taken this quiz